Normal view
MARC view
- PICASSO, PABLO,
Entry Nombre Personal
001 - NUMERO DE CONTROL
- campo de control: 13499
003 - IDENTIFICADOR DE NUMERO DE CONTROL
- campo de control: UPN
005 - FECHA Y HORA DE LA ÜLTIMA TRANSACCIÓN
- campo de control: 20210219193816.0
008 - DATOS DE LONGITUD FIJA
- campo de control de longitud fija: nabaccnnaabn|||||||||| b |nc|||||d
035 ## - NUMERO DE CONTROL
- Número de control: UPN10000013507
040 ## - FUENTE DE CATALOGACIÓN
- Lenguaje de catalogación: SPA
- Agencia de transcripción: UPN
100 1# - ENCABEZAMIENTO - NOMBRE PERSONAL
- Nombre personal: PICASSO, PABLO,
- Fechas asociadas con el nombre: 1881-1973
400 1# - VEÁSE - NOMBRE DE PERSONA
- Personal name: PICASSO, PABLO RUIZ,
- Dates associated with a name: 1881-1973
670 ## - FUENTE EN LA QUE SE LOCALIZARON DATOS
- Cita de la fuente: T/P
- Información localizada: Salvat universal
902 ## - CATALOGADOR
- Catalogador: CAA/190297
